Normal view
MARC view
- MS-MECH-17
Entry Topical Term
001 - CONTROL NUMBER
- control field: 84062
003 - CONTROL NUMBER IDENTIFIER
- control field: NUST
005 - DATE AND TIME OF LATEST TRANSACTION
- control field: 20211113110145.0
008 - FIXED-LENGTH DATA ELEMENTS
- fixed length control field: 211113|| aca||aabn | a|a d
040 ## - CATALOGING SOURCE
- Original cataloging agency: NUST
- Transcribing agency: NUST
150 ## - HEADING--TOPICAL TERM
- Topical term or geographic name entry element: MS-MECH-17
670 ## - SOURCE DATA FOUND
- Source citation: Work cat.: (NUST): Waleed Bin Mehdi 84060, TH-SOF-1903-Mechanical Design and Development of Passive, Assistive and Rehabilitative Tendon Driven Device for Enhancing Grasping Capabilities, 2021.
